Sports Quiz

Random Sports or MLB Quiz

MLB Pitching Rotations of the 1990s Quiz Stats

Quiz Updated Aug 27, 2017

Challenge
Share
Tweet
Embed
Score 0/150 Timer 15:00
10 Plays Today
Team Player % Correct
BravesGreg Maddux
89.8%
CubsGreg Maddux
89.8%
MarinersRandy Johnson
89.2%
DiamondbacksRandy Johnson
89.2%
BravesTom Glavine
88.3%
BravesJohn Smoltz
87.6%
Red SoxRoger Clemens
86.8%
ExposPedro Martínez
86.8%
IndiansDennis Martinez
86.4%
DodgersRamón Martínez
86.4%
ExposDennis Martínez
86.4%
PhilliesCurt Schilling
78.9%
OriolesMike Mussina
74.9%
YankeesDavid Cone
71.2%
MetsDavid Cone
71.2%
RangersJohn Burkett & Nolan Ryan
67.4%
Blue JaysDavid Wells
67.3%
RangersKevin Brown
64.3%
MarlinsKevin Brown
64.3%
YankeesAndy Pettitte
63%
MarlinsLivan Hernandez
62.7%
BravesSteve Avery
58.5%
PiratesZane Smith
57.8%
AthleticsDave Stewart
55%
White SoxJack McDowell
53.1%
MetsBobby Jones
52.3%
AngelsChuck Finley
51.5%
MetsDwight Gooden
50.9%
OriolesJamie Moyer
50%
MarinersJamie Moyer
50%
YankeesJimmy Key
48.5%
Blue JaysJimmy Key
48.5%
Red SoxTim Wakefield
48.2%
GiantsJohn Burkett
47.7%
IndiansCharles Nagy
47.3%
RangersKenny Rogers
47%
PhilliesDanny Jackson
46.6%
IndiansOrel Hershiser
46.6%
DodgersOrel Hershiser
46.6%
AstrosMike Hampton
46.1%
White SoxAlex Fernandez
44.9%
MetsSid Fernandez
44.9%
RedsJose Rijo
44.9%
AstrosDoug Drabek
41.9%
PiratesDoug Drabek
41.9%
IndiansBartolo Colon
41.4%
AthleticsBob Welch
40.9%
AngelsMark Langston
40.9%
RoyalsKevin Appier
40.1%
Blue JaysPat Hentgen
39.8%
Team Player % Correct
Red SoxFrank Viola
36.1%
TwinsBrad Radke
36.1%
RockiesDarryl Kile
33.7%
AstrosDarryl Kile
33.7%
PiratesFrancisco Cordova & Denny Neagle
33.4%
OriolesScott Erickson
32.9%
TwinsScott Erickson
32.9%
GiantsTrevor Wilson
32.6%
AngelsJim Abbott
31%
DiamondbacksBrian Anderson
30.3%
DiamondbacksAndy Benes
29.9%
PadresAndy Benes
29.9%
Blue JaysJuan Guzman
29.4%
PiratesJason Schmidt
28.3%
PhilliesTyler Green
28.2%
White SoxWilson Alvarez
26.9%
Devil RaysWilson Alvarez
26.9%
YankeesMelido Perez
26.6%
IndiansJaret Wright
25.3%
RockiesJamey Wright
25.3%
AthleticsRon Darling
25.2%
RedsTom Browning
24.6%
PhilliesTerry Mulholland
24.3%
TwinsKevin Tapani
22.9%
RoyalsMark Gubicza
22.9%
TigersMike Moore
22.8%
AthleticsMike Moore
22.8%
Devil RaysBobby Witt
22.7%
RangersBobby Witt
22.7%
Blue JaysTodd Stottlemyre
22.1%
CardinalsTodd Stottlemyre
22.1%
TwinsFrankie Rodriguez
21.6%
CubsSteve Trachsel
20.9%
AstrosShane Reynolds
20.7%
Red SoxAaron Sele
20.6%
TigersJustin Thompson
20.3%
OriolesBen McDonald
19.8%
RedsJohn Smiley
19.7%
PiratesJon Lieber
18.5%
PhilliesTommy Greene
18.1%
PadresAndy Ashby
17.9%
TigersFrank Tanana
17.5%
PadresBruce Hurst
17.2%
CardinalsBob Tewksbury
17.1%
RoyalsTom Gordon
16.3%
BravesCharlie Leibrandt
15.7%
DodgersTom Candiotti
15.6%
AstrosPete Harnisch
15.2%
GiantsKirk Rueter
14.6%
CubsMike Morgan
14.6%
Team Player % Correct
PadresSterling Hitchcock
14.3%
RoyalsTim Belcher
14.2%
MetsRick Reed
13.8%
RockiesPedro Astacio
13.7%
DodgersPedro Astacio
13.7%
TigersBill Gullickson
13.6%
MarinersJeff Fassero
13.3%
ExposJeff Fassero
13.3%
Brewers (AL&NL)Jaime Navarro
13.2%
Brewers (AL&NL)Cal Eldred
12.9%
White SoxJason Bere
12.3%
Red SoxDanny Darwin
10.9%
GiantsShawn Estes
10.7%
MarinersErik Hanson
10.2%
PadresJoey Hamilton
10.2%
White SoxJames Baldwin
9.9%
TwinsLaTroy Hawkins
9.8%
Brewers (AL&NL)Ricky Bones
9.7%
Devil RaysRolando Arrojo
9.2%
RedsDave Burba
9.1%
CardinalsDonovan Osborne
8.6%
CubsFrank Castillo
8.1%
DiamondbacksArmando Reynoso
7.9%
RockiesArmando Reynoso
7.9%
DiamondbacksOmar Daal
7.9%
Brewers (AL&NL)Bill Wegman
7.7%
RockiesKevin Ritz
7.7%
Devil RaysTony Saunders
7.5%
DodgersIsmael Valdez
7.5%
GiantsMark Gardner
7.3%
MarlinsPat Rapp
6.8%
AngelsKirk McCaskill
6.7%
CardinalsJose DeLeon
6.7%
CubsKevin Foster
6.1%
YankeesScott Kamieniecki
5.7%
RangersRoger Pavlik
5.4%
RedsBrett Tomko
5.1%
TigersBrian Moehler
4.8%
ExposDustin Hermanson
4.8%
RoyalsJose Rosado
4.5%
CardinalsOmar Olivares
4.5%
OriolesBob Milacki
4.4%
MarinersDave Fleming
4.3%
AngelsJason Dickson
3.7%
Brewers (AL&NL)Scott Karl
3.5%
MarlinsChris Hammond
3.4%
AthleticsJimmy Haynes
2.8%
ExposChris Nabholz
2.4%
Devil RaysBryan Rekar
2.1%
MarlinsBrian Meadows
1.6%

You're not logged in!

Compare scores with friends on all Sporcle quizzes.
Join for Free
OR
Log In

You Might Also Like...

Show Comments

Extras

Top Quizzes Today


Score Distribution

Your Account Isn't Verified!

In order to create a playlist on Sporcle, you need to verify the email address you used during registration. Go to your Sporcle Settings to finish the process.

Report this User

Report this user for behavior that violates our Community Guidelines.

Details: